000 00590nam a22001817a 4500
999 _c188847
_d188847
005 20220606152223.0
010 _aENG-133008
020 _a978-81-7994-176-8
_c300.00
035 _aEN-116540
037 _bDBAD/PUB
082 _a220.21
100 _aSharma, Vedashrava
245 _aThe Revelation of Chandodarshana:
_bThe life of Brahmarshi Daivarata/
_cVedashrava Sharma
260 _aBengaluru
_bSakshi Publication
_c2018
270 _a# 63, 13th Main, 4th Block LEast, Jayanagar
_bBengaluru
_e560011
300 _a180p.
_c22cm(pbk)
942 _2ddc
_cEN
_h220.21
_mSHA